Alle Pokemon Attacken von Typ Gestein - Statistiken

Allgemein
  • Dieses Quiz wurde 135 mal gespielt
    14 seit der letzten Aktualisierung
  • Das Durchschnittsergebnis liegt bei 13 aus 22
Antwortstatistiken
Klasse Stärke Genau. Attacke % Korrekt
physisch 100 80 Steinkante
90%
physisch 50 100 Steinwurf
90%
physisch 60 95 Felsgrab
80%
physisch 25 90 Felswurf
80%
physisch 75 90 Steinhagel
80%
status - - Steinpolitur
80%
speziell 60 100 Antik-Kraft
70%
speziell 80 100 Juwelenkraft
70%
status - - Tarnsteine
70%
physisch 40 100 Turbofelsen
70%
physisch 30 100 Walzer
70%
physisch 150 80 Kopfstoß
60%
status - - Sandsturm
60%
physisch 150 90 Felswerfer
50%
physisch 50 100 Katapult
50%
physisch 100 95 Diamantsturm
40%
speziell 120 90 Meteorstrahl
40%
status - - Rundumschutz
40%
physisch 65 90 Felsaxt
30%
physisch 40 100 Pökelsalz
30%
status - 100 Teerschuss
30%
physisch 95 100 Wuchtklinge
20%
Keine übereinstimmenden Quizze gefunden
Verteilung der Resultate
Anzahl Personen mit jedem Resultat
Perzentil nach korrekt beantworteten Fragen
Ihre Resultats-Entwicklung
Sie haben dieses Quiz seit der letzten Aktualisierung nicht gespielt